Statistics for Guess that youtuber

Click here to take the quiz!

General Stats

  • This quiz has been taken 22 times
  • The average score is 5 of 13

Answer Stats

HintAnswer% Correct
Meme. Review.PewDiePie
88%
PewDiePie is way betterT-Series
75%
Green eyeballJacksepticeye
63%
Pink mustache and born in Honolulu, HawaiiMarkiplier
56%
The Diamond MinecartDanTDM
50%
41M subs, Ping pong trick shotsDude Perfect
50%
He's German but he's notHolaSoyGerman.
19%
Teenage girl with blonde hair, does many kinds of vidsJojo Siwa
13%
Born in Hilo, Hawaii and has 21M subsnigahiga
13%
Spanish youtuber that plays geometry dash. 1.5M subsGuitarHeroStyles
6%
Very good Mario gamer, yet hasn't reached 1M subsRyukahr
6%
...And as always, stay hydrated.SomethingElseYT
6%
...And as always, wear your seatbelt.TheOdd1sOut
6%

Score Distribution

Percentile by Number Answered

Percent of People with Each Score

Your Score History

You have not taken this quiz